Statistiken für Burgenland - Quiz

Klicken Sie hier um das Quiz zu spielen!

Allgemein

  • Dieses Quiz wurde 99 mal gespielt
  • Das Durchschnittsergebnis liegt bei 13 aus 20

Antwortstatistiken

FrageAntwort% Korrekt
HauptstadtEisenstadt
98%
NachbarstaatenUngarn
96%
NachbarstaatenSlowakei
93%
NachbarstaatenSlowenien
93%
Offizielle Landessprachen (außer Deutsch)Ungarisch
90%
Zweitgrößte StadtNeusiedl am See
88%
Größter SeeNeusiedler See
85%
Offizielle Landessprachen (außer Deutsch)Kroatisch
75%
Wahrzeichen und ehemalige FürstenresidenzSchloss Esterházy
75%
Gemeinde, deren Fashion- und Designeroutlet zu den größten Arbeitgebern der Region zähltParndorf
71%
Die Gemeinden Stegersbach, Tatzmannsdorf oder Lutzmannsburg sind hierfür überregional bekanntThermen
71%
Größter Freizeitpark Österreichs, in Sankt MargarethenFamilypark
62%
Größtes Operetten-Festival der Welt, das am oben gefragten See veranstaltet wirdSeefestspiele Mörbisch
61%
Fluss, der einen Teil der Grenze zu Niederösterreich bildetLeitha
56%
Berühmter Komponist, der 1811 in Raiding geboren wurdeFranz Liszt
39%
Höchster BergGeschriebenstein
39%
Längster FlussRaab
38%
Größte Burg des Burgenlandes, befindet sich im RosaliengebirgeBurg Forchtenstein
35%
Fluss, der den Großteil der Grenze zur Steiermark bildetLafnitz
29%
Ort, wo 1927 zwei Menschen bei einer Versammlung erschossen worden, ohne dass die Täter dafür eine Strafe erhielten, was zu großen Protesten in Wien führteSchattendorf
27%

Verteilung der Resultate

Perzentil nach korrekt beantworteten Fragen

Anzahl Personen mit jedem Resultat

Ihre Resultats-Entwicklung

Sie haben dieses Quiz noch nicht gespielt